000 00598nam a2200229Ia 4500
003 OSt
005 20221007081207.0
006 a|||||r|||| 00| 0
007 ta
008 221006b |||||||| |||| 00| 0 eng d
024 _a19,504
037 _cTextual
040 _aFLL
_cFLL
_beng
041 _2eng
_aeng
082 _aZ1z7, K8
100 _aKunz J.L. Au.
_9696649
245 0 _aChanging law of nations
260 _aNew York
_bOhio state university press U.S.A.
_c1968
300 _a970p
_ccm.
942 _hZ1z7, K8
_cTEXL
_2CC
999 _c1162357
_d1162357